00361nam a2200121Ia 4500008004100000041000800041082001500049100001600064245008000080260004400160300001400204999002100218231228s1996 xx 000 0 und d aeng a658.3bHAT aHATVANY (I) aPutting Pressure to Work: How to Manage Stress and Harness Positive Tension aLondonbPitman Publication Londonc1996 aXVIII,238 c1085280d1085280